Globálny environmentálny problém a vybrané aspekty vývoja agendy zameranej na ochranu životného prostredia na pôde Európskej únie
Globálne problémy ľudstva a environmentálny problém. Vybrané faktory determinujúce potrebu koordinácie ochrany životného prostredia v priestore ES/EÚ. Environmentálne akčné programy a vybrané aspekty vývoja politiky životného prostredia na pôde ES/EÚ. Úroveň ochrany životného prostredia v priestore...
Salvato in:
| Autore principale: | |
|---|---|
| Natura: | Capitolo di libro |
| Lingua: | slovacco |
| Soggetti: | |
| Tags: |
Nessun Tag, puoi essere il primo ad aggiungerne!!
|
MARC
| LEADER | 00000nla a2200000 4500 | ||
|---|---|---|---|
| 001 | 0159812 | ||
| 005 | 20221103134415.3 | ||
| 041 | 0 | |a slo | |
| 044 | |a SK | ||
| 245 | 1 | 0 | |a Globálny environmentálny problém a vybrané aspekty vývoja agendy zameranej na ochranu životného prostredia na pôde Európskej únie |c Lucia Rýsová |
| 520 | |a Globálne problémy ľudstva a environmentálny problém. Vybrané faktory determinujúce potrebu koordinácie ochrany životného prostredia v priestore ES/EÚ. Environmentálne akčné programy a vybrané aspekty vývoja politiky životného prostredia na pôde ES/EÚ. Úroveň ochrany životného prostredia v priestore Európskej únie v súčasnosti. | ||
| 610 | 2 | 0 | |a ochrana prostredia životného |
| 610 | 2 | 0 | |a Európska únia |
| 100 | 1 | |a Rýsová, Lucia | |